LEADER 01454aam a2200301 u 4500 001 000000015107 003 CaOOAMICUS 005 20110328132158.0 008 940513s1983 enk u000 u eng u 020 $a0870781178 035 $a10355020 040 $aEFR(R)$bita 100 1 $aMarkus, R. A.$q(Robert Austin),$d1924-$0(OLS)http://pul/name/13928 240 10$aSelections$9(Markus, R. A. (Robert Austin), 1924-).$0(OLS)http://pul/title/21682 245 10$aFrom Augustine to Gregory the Great :$bhistory and Christianity in late antiquity /$cR. A. Markus. 260 $aLondon :$bVariorum reprints,$c1983. 300 $a[318] p. en pagination multiple :$bant. (ritr.) ;$c23 cm 490 1 $aCollected studies series ;$vCS169 500 $aRéimpr. anastatique d'articles parus dans diverses revues. 650 4$aChiesa$zStoria$yChiesa primitiva, ca. 30-600$xCronologia.$0(OLS)http://pul/subject/13115 830 0$aCollected studies series ;$vCS169.$0(OLS)http://pul/title/72 850 $aPUL 852 $aPUL$W1$xSL Filosofia 1$y2$m105 E 36$j21178$nBK-PRI$b $qStampati$B21178$CPULBib$Z2$F21178 $H $81 941 1 $a8 961 $aINV: 54127 996 $6020$a0870781178$9(OLS)http://pul/number/19192 996 $6245$aFrom Augustine to Gregory the Great :$bhistory and Christianity in late antiquity$9(OLS)http://pul/title/21683 996 $6260$aLondon :$bVariorum reprints$9(OLS)http://pul/publisher/62198 LEADER 01813nam a2200349 a 4500 001 000000123433 003 CaOOAMICUS 005 20101020103814.0 008 101020t2010 be u000 u fre r 020 $a978-90-429-2328-7 040 $aPUL$bita 041 0 $afre$aeng 111 2 $aColloque international d'analyse narrative des textes de la Bible $n (4 : $d2008 : $cUniversité Laval).$0(OLS)http://pul/name/77726 245 12$aL'intrigue dans le récit biblique :$bquatrième colloque international du RRENAB, Université Laval, Québec, 29 Mai - 1er Juin 2008 / $cédité par Anne Pasquier, Daniel Marguerat, André Wénin. 260 $aLeuven, Paris, Walpole (MA) :$bUitgeverij Peeters,$c2010. 300 $aXXX, 479 p. ;$c25 cm 490 1 $aBibliotheca Ephemeridum theologicarum Lovaniensium ;$v237 500 $aInclude indice. 500 $aAbstract in inglese. 504 $aBibliografia in nota. 630 04$aBiblia$vCongressi.$0(OLS)http://pul/subject/9582 700 1 $aPasquier, Anne.$0(OLS)http://pul/name/77727 700 1 $aMarguerat, Daniel.$0(OLS)http://pul/name/53016 700 1 $aWénin, André,$d1953-$0(OLS)http://pul/name/24968 830 0$aBibliotheca Ephemeridum theologicarum Lovaniensium ;$v237.$0(OLS)http://pul/title/1445 850 $aPUL 852 $aPUL$W1$xSL Religione 1$y3$m17 A 237$j142068$qStampati$B141047$CPULBib$Z2$F141047 $H114840 $82 941 1 $a8 996 $6020$a978-90-429-2328-7$9(OLS)http://pul/number/145668 996 $6245$aL'intrigue dans le récit biblique :$bquatrième colloque international du RRENAB, Université Laval, Québec, 29 Mai - 1er Juin 2008 / $9(OLS)http://pul/title/155552 996 $6260$aLeuven, Paris, Walpole (MA) :$bUitgeverij Peeters$9(OLS)http://pul/publisher/80512